| 000 | 00828cab a2200253 4500 | ||
|---|---|---|---|
| 001 | ABS54948 | ||
| 008 | 090401t1996 xxu||||| |||| 00| 0 eng d | ||
| 035 | _a(Sirsi) u13308 | ||
| 041 | _aeng | ||
| 100 | _aCowap, C. | ||
| 245 | _aNSAs and NVZs: their implications for practitioners | ||
| 260 | _c1996 | ||
| 350 | _a0 | ||
| 490 |
_aRural Property Bulletin _vJanuary/February 1996, 37-41(5) |
||
| 520 | _aOutlines what Nitrate Sensitive Areas and Nitrate Vulnerable Zones are, how they work and the impact they may have on farmers, farming methods and land values. | ||
| 650 | _aFARMING METHODS | ||
| 650 | _aLAND VALUES | ||
| 650 | _aNITRATE SENSITIVE AREAS | ||
| 650 | _aNITRATE VULNERABLE ZONES | ||
| 690 | _aENVIRONMENTAL AND LAND CONSULTANCY | ||
| 690 | _aRURAL PRACTICE | ||
| 942 | _n0 | ||
| 948 | _c04/03/1997 | ||
| 999 |
_c8573 _d8573 |
||